000 00334nam a2200133Ia 4500
008 210312s9999||||xx |||||||||||||| ||und||
041 _aosm
050 _aDR471
050 _bV4519
100 _aVellay, Charles
245 0 _aAnadolu'nun istikbâli ve Akdeniz meselesi
260 _c1329
650 _aTarih--Türkiye--Dış ilişkiler
999 _c22324
_d22324